LEADER 01182nam a2200277 i 4500 001 000000191897 003 CaOOAMICUS 005 20150217000000.0 008 150217s1968 it u000 u ita u 013 $a170469 040 $aSeMil$bita 100 1 $aSmedt, Emile Josef Marie : de .$0(OLS)http://semarc/name/32472 245 10$aPer un clima di libertà :$bvita personale e appartenenza alla Chiesa /$cDe Smedt. 260 $aRoma :$bPaoline,$c1968. 300 $a176 p. ;$c18 cm. 490 0 $aPunti scottanti di teologia ;$v14 500 $aFondo card. Giovanni Colombo. 650 4$aLibertà - Concezione cristiana.$0(OLS)http://semarc/subject/4612 650 4$aChiesa - Saggi.$0(OLS)http://semarc/subject/32666 830 0$aPunti scottanti di teologia ;$v14.$0(OLS)http://semarc/title/240 850 $aSeMil 852 $aSeMil$W1$xVenegono$y1$m3GC I 237$j142482$B142482$CSeMilBibl$Z2$F154046 $8B 941 1 $a3 961 $aLascito: Colombo Card. Giovanni 996 $6245$aPer un clima di libertà :$bvita personale e appartenenza alla Chiesa$9(OLS)http://semarc/title/101952 996 $6260$aRoma :$bPaoline$9(OLS)http://semarc/publisher/29686 LEADER 01662nam a2200265 i 4500 001 000000194290 003 CaOOAMICUS 005 20101110000000.0 008 101110s1806 it u000 u ita u 013 $a172941 026 $alei, ,eal vai- a,ze (C) 1806 (Q) 040 $aSeMil$bita 245 10$aNel festeggiarsi con solenne Te Deum il faustissimo annunzio della pace segnata a Presburgo li 27 dicembre 1806 omelia pronunziata ... da monsignore Giacinto della Torre arcivescovo di Torino li 5 gennaio 1806. 260 $aTorino :$bpresso Botta, Prato e Paravia stampatori arcivescovili,$c1806. 300 $a[5] c. ;$c4°. 500 $aStemma vescovile xilogr. sul front. - Le ultime 2 p. sono bianche. - Data del documento : 5 gennaio 1806. 650 4$aTorino (Diocesi) - Lettere pastorali - Sec. 18.-19.$0(OLS)http://semarc/subject/3767 650 4$aDella Torre, Giacinto - Omelie.$0(OLS)http://semarc/subject/36480 700 1 $aBotta & Prato & Paravia .$0(OLS)http://semarc/name/70530 700 1 $aDella Torre, Giacinto,$c.$0(OLS)http://semarc/name/70581 773 0 $t[Lettere pastorali e documenti vari.$d[S.l. : s.n.] $w()23916 850 $aSeMil 852 $aSeMil$W1$xVenegono$y1$mFV.A V 37/23$j225661$B144864$CSeMilBibl$Z2$F156294 $86 996 $6245$aNel festeggiarsi con solenne Te Deum il faustissimo annunzio della pace segnata a Presburgo li 27 dicembre 1806 omelia pronunziata ... da monsignore Giacinto della Torre arcivescovo di Torino li 5 gennaio 1806$9(OLS)http://semarc/title/280105 996 $6260$aTorino :$bpresso Botta, Prato e Paravia stampatori arcivescovili$9(OLS)http://semarc/publisher/50580